000 00385nab a22001097u 4500
008 130520b2008 xxu||||| |||| 00| 0 spa d
041 _aspa
100 1 _aReck, Norbert
_977643
245 0 0 _adeseos peligrosos. El discurso católico sobre la actividad sexual entre personas del mismo sexo
_cNorbert Reck
773 0 _tConcilium
_gnº324,2008,págs. 15-30
_x0210-1041
_wRev134
942 _cAR
999 _c383952
_d383952